000 00746nam a22002057a 4500
005 20250919152656.0
008 250919b |||||||| |||| 00| 0 eng d
020 _a9789383214341
040 _cAL
041 _aKannada
082 _a954K
_bASWS
100 _aK N Aswathappa
_9239767
100 _aಕೆ ಎನ್ ಅಶ್ವಥಪ್ಪ
_9239768
245 _aSamagra Bharatada ithihasa samputa 1
_bಸಮಗ್ರ ಭಾರತದ ಇತಿಹಾಸ ಸಂಪುಟ ೧: ಆರಂಭದಿಂದ ಇಂದಿನವರೆಗೆ
260 _aBengaluru
_bSubhas Stores
_c2024
300 _a1268p.
_bPB
_c24x18cm
365 _aKSCR-000454
_b₹900.00
_c
_d₹1125.00
_e20%
_f18-9-2025
650 _aIndian History
_9239769
942 _2ddc
_cBK
999 _c240467
_d240467